| 000 | 00516nam a22001937a 4500 | ||
|---|---|---|---|
| 003 | OSt | ||
| 005 | 20170224150014.0 | ||
| 008 | 170224b xxu||||| |||| 00| 0 eng d | ||
| 020 | _a0321277791 | ||
| 040 | _cDDC. | ||
| 082 | _a536.7SCH 2000. | ||
| 100 |
_aSchroeder,Daniel V; _911664 |
||
| 245 | _aan introduction to thermal physics. | ||
| 260 |
_aSan Francisco; _bAddison Wesley Longman. _c2000. |
||
| 300 |
_ax,422p; _bill; _c25cm. |
||
| 504 | _aincludes index. | ||
| 650 |
_aPhysics. _9809 |
||
| 942 |
_2ddc _cO_SHELF |
||
| 999 |
_c5582 _d5582 |
||